000 00420nam a2200169Ia 4500
003 GCL
008 140319s9999 xx 000 0 eng d
040 _aGCL /
_cGCL
082 0 4 _a843
_bB H
100 1 _aBAROCHE, CHRISTIANE
245 1 0 _aL'HIVER DE BEAUTE /
_cBAROCHE, CHRISTIANE
260 _a[S.N] :
_bFOLIO ،
_c1990
300 _a338 P
650 0 4 _aLITERATURE
650 0 4 _aFRENCH LITERATURE
942 _2ddc
_cBK
999 _c21735
_d21735